Workshop Technology: Part 2 (Record no. 4224)

MARC details
005 - DATE AND TIME OF LATEST TRANSACTION
control field 20250617142007.0
020 ## - INTERNATIONAL STANDARD BOOK NUMBER
International Standard Book Number 0-7131-3291-4
082 ## - DEWEY DECIMAL CLASSIFICATION NUMBER
Classification number 621.75 CHA
100 ## - MAIN ENTRY--PERSONAL NAME
Author name CHAPMAN, W. A.
245 ## - TITLE STATEMENT
Title Workshop Technology: Part 2
250 ## - EDITION STATEMENT
Edition statement 4th Ed.
260 ## - PUBLICATION, DISTRIBUTION, ETC.
Place of publication, distribution, etc. London,
Name of publisher, distributor, etc. The English Language Book Society,
Date of publication, distribution, etc. 1978.
300 ## - PHYSICAL DESCRIPTION
Extent 395p.: ill.; figure, picture, table.
Other physical details Index.
Dimensions 21cm.
942 ## - ADDED ENTRY ELEMENTS (KOHA)
Source of classification or shelving scheme Dewey Decimal Classification
Koha item type Books
Holdings
Date last seen Total checkouts Full call number Barcode Cost, replacement price Price effective from Koha item type Lost status Source of classification or shelving scheme Damaged status Not for loan Withdrawn status Home library Current library Shelving location Date acquired Cost, normal purchase price
06/17/2025   LM 621.75 CHA 00000013131 30000.00 06/17/2025 Books   Dewey Decimal Classification       College of Business Education Main Library College of Business Education Main Library General Collection 05/17/1979 10000.00
06/17/2025   LM 621.75 CHA 00000013132 30000.00 06/17/2025 Books   Dewey Decimal Classification       College of Business Education Main Library College of Business Education Main Library General Collection 05/17/1979 10000.00